[Event "2nd VAM op"]
[Site "Hoogeveen NED"]
[Date "1998.10.17"]
[Round "2.21"]
[White "Ernst, Sipke"]
[Black "Mikhalevski, Victor"]
[Result "0-1"]
[WhiteElo "2420"]
[BlackElo "2540"]
[EventDate "1998.10.16"]
[PlyCount "62"]

1.Nf3 Nf6 2.c4 g6 3.Nc3 d5 4.cxd5 Nxd5 5.e4 Nxc3 6.dxc3 Qxd1+ 7.Kxd1 f6 8.
Be3 e5 9.Bc4 Nd7 10.Kc2 Bc5 11.Rhe1 Ke7 12.Nd2 a5 13.Rad1 Bxe3 14.Rxe3 Nb6
15.Rd3 Bd7 16.f3 a4 17.Bd5 Bb5 18.c4 Ba6 19.b4 c6 20.b5 Bxb5 21.cxb5 cxd5 
22.exd5 Rhc8+ 23.Kb1 Ra5 24.d6+ Ke6 25.Ne4 Rxb5+ 26.Ka1 Nd7 27.Nc3 Rbc5 
28.Nd5 R8c6 29.R1d2 a3 30.Nc7+ Rxc7 31.dxc7 Rc1# 0-1

[Event "2nd VAM op"]
[Site "Hoogeveen NED"]
[Date "1998.10.18"]
[Round "3.1"]
[White "Van Beek, Lucien"]
[Black "Timmermans, Ivo"]
[Result "1/2-1/2"]
[WhiteElo "2315"]
[BlackElo "2225"]
[EventDate "1998.10.16"]
[PlyCount "57"]

1.d4 Nf6 2.c4 e6 3.Nc3 Bb4 4.e3 c5 5.Ne2 cxd4 6.exd4 d5 7.c5 Ne4 8.Bd2 
Nxd2 9.Qxd2 a5 10.a3 Bxc3 11.Nxc3 a4 12.h4 b6 13.Qg5 O-O 14.Qxd8 Rxd8 15.
cxb6 Nd7 16.Rc1 Nxb6 17.Nd1 Ba6 18.Bxa6 Rxa6 19.Rc6 Rda8 20.Ne3 Nd7 21.
Rxa6 Rxa6 22.Kd2 Rb6 23.Kc2 Nb8 24.Rc1 Kf8 25.Nd1 Nc6 26.Kd3 Ke7 27.Rc2 
Kd6 28.h5 f6 29.f4 1/2-1/2

[Event "2nd VAM op"]
[Site "Hoogeveen NED"]
[Date "1998.10.18"]
[Round "3.4"]
[White "Visser, Yge"]
[Black "Gofshtein, Leonid D"]
[Result "1/2-1/2"]
[WhiteElo "2370"]
[BlackElo "2500"]
[EventDate "1998.10.16"]
[PlyCount "50"]

1.Nf3 Nf6 2.g3 b6 3.Bg2 Bb7 4.O-O c5 5.d3 e6 6.e4 Be7 7.Nbd2 d6 8.Re1 O-O 
9.b3 Nc6 10.Bb2 Nd7 11.c3 Nde5 12.Qc2 Rc8 13.Rad1 Qd7 14.Qb1 Ba6 15.Bf1 f5
16.d4 Nxf3+ 17.Nxf3 Bxf1 18.Rxf1 cxd4 19.Nxd4 Nxd4 20.cxd4 d5 21.e5 Qb5 
22.Rd2 f4 23.Rc2 Bg5 24.Ba3 Rfe8 25.h4 Rxc2 1/2-1/2

[Event "2nd VAM op"]
[Site "Hoogeveen NED"]
[Date "1998.10.18"]
[Round "3.5"]
[White "Porrasmaa, Timo"]
[Black "Hartoch, Robert G"]
[Result "1/2-1/2"]
[WhiteElo "2095"]
[BlackElo "2315"]
[EventDate "1998.10.16"]
[PlyCount "22"]

1.d4 g6 2.Nf3 Bg7 3.c3 d6 4.Bg5 h6 5.Bh4 Nf6 6.Nbd2 O-O 7.e4 Qe8 8.Be2 e5 
9.dxe5 dxe5 10.O-O Nbd7 11.Re1 Nh5 1/2-1/2

[Event "2nd VAM op"]
[Site "Hoogeveen NED"]
[Date "1998.10.18"]
[Round "3.6"]
[White "Ligterink, Gert"]
[Black "Tindall, Brett"]
[Result "1/2-1/2"]
[WhiteElo "2425"]
[BlackElo "2275"]
[EventDate "1998.10.16"]
[PlyCount "67"]

1.d4 Nf6 2.c4 e6 3.Nf3 c5 4.d5 d6 5.Nc3 exd5 6.cxd5 g6 7.g3 Bg7 8.Bg2 O-O 
9.O-O Re8 10.Bf4 Ne4 11.Nxe4 Rxe4 12.Nd2 Rb4 13.Rb1 g5 14.Be3 Bf5 15.a3 
Rxb2 16.Rxb2 Bxb2 17.Qb3 Bf6 18.Qxb7 Nd7 19.Nc4 Nb6 20.Qa6 Nxc4 21.Qxc4 
Qe7 22.Bd2 Rb8 23.e4 Bd7 24.Re1 Rb2 25.Qc1 Qe5 26.Re3 Rb8 27.Bc3 Qe7 28.e5
dxe5 29.h3 Bf5 30.Qd2 Qd6 31.Qe2 Rb3 32.Qc4 Rb1+ 33.Kh2 h6 34.Qa4 1/2-1/2

[Event "2nd VAM op"]
[Site "Hoogeveen NED"]
[Date "1998.10.18"]
[Round "3.7"]
[White "Azadmanesh, Moosa"]
[Black "Hendriks, Richard V"]
[Result "1/2-1/2"]
[WhiteElo "2150"]
[BlackElo "2080"]
[EventDate "1998.10.16"]
[PlyCount "49"]

1.e4 e5 2.Nf3 Nc6 3.d4 exd4 4.Nxd4 Qh4 5.Nb5 Bc5 6.Qe2 Qd8 7.Be3 Bxe3 8.
Qxe3 a6 9.N5c3 Nge7 10.Bc4 O-O 11.O-O d6 12.f4 Na5 13.Bd3 f5 14.exf5 Bxf5 
15.Nd2 Nac6 16.Nf3 Bxd3 17.Qxd3 h6 18.Nh4 Qe8 19.f5 Qh5 20.Qh3 Ne5 21.Rae1
Rae8 22.Ne4 Qg4 23.Qxg4 Nxg4 24.Rf4 Ne5 25.Rff1 1/2-1/2

[Event "2nd VAM op"]
[Site "Hoogeveen NED"]
[Date "1998.10.18"]
[Round "3.9"]
[White "Solomon, Stephen"]
[Black "Reinderman, Dimitri"]
[Result "0-1"]
[WhiteElo "2435"]
[BlackElo "2540"]
[EventDate "1998.10.16"]
[PlyCount "80"]

1.e4 e5 2.Nf3 d6 3.d4 exd4 4.Nxd4 g6 5.Nc3 Bg7 6.Be3 Nf6 7.f3 O-O 8.Bc4 
Re8 9.Qd2 Nbd7 10.O-O-O Ne5 11.Bb3 a6 12.Nde2 b5 13.Bg5 Bb7 14.h4 Qd7 15.
Ng3 h5 16.f4 Nc4 17.Qd3 Ng4 18.Rdf1 c5 19.Qe2 Nce3 20.Rf3 c4 21.Rxe3 cxb3 
22.f5 b4 23.axb3 Nxe3 24.f6 Ng4 25.fxg7 bxc3 26.bxc3 Qe6 27.Rd1 Bxe4 28.
Nxe4 Qxe4 29.Qxe4 Rxe4 30.Rxd6 Kxg7 31.c4 a5 32.Kb2 a4 33.Bd2 Re2 34.bxa4 
Ne5 35.Kb3 Rb8+ 36.Bb4 Re4 37.a5 Nxc4 38.Ra6 Nd2+ 39.Kc3 Nb1+ 40.Kd3 Rexb4
0-1

[Event "2nd VAM op"]
[Site "Hoogeveen NED"]
[Date "1998.10.18"]
[Round "3.10"]
[White "Klenburg, Mikhail"]
[Black "Pel, Bonno"]
[Result "1/2-1/2"]
[WhiteElo "2330"]
[BlackElo "2175"]
[EventDate "1998.10.16"]
[PlyCount "42"]

1.e4 d6 2.d4 Nf6 3.Nc3 g6 4.Be3 c6 5.f3 Nbd7 6.g4 b5 7.h4 b4 8.Nce2 h5 9.
g5 Nh7 10.Qd2 Rb8 11.Ng3 Qc7 12.N1e2 Nb6 13.b3 Bg7 14.Bg2 e5 15.Rd1 Nd7 
16.O-O O-O 17.f4 exf4 18.Nxf4 Ba6 19.Rf2 Rfe8 20.Bf1 Bb7 21.Bg2 c5 1/2-1/2

[Event "2nd VAM op"]
[Site "Hoogeveen NED"]
[Date "1998.10.18"]
[Round "3.11"]
[White "De Jong, Migchiel"]
[Black "Westerinen, Heikki"]
[Result "1/2-1/2"]
[WhiteElo "2280"]
[BlackElo "2435"]
[EventDate "1998.10.16"]
[PlyCount "57"]

1.e4 e5 2.Nf3 Nc6 3.Bb5 Nf6 4.O-O Nxe4 5.d4 Nd6 6.Bxc6 dxc6 7.dxe5 Ne4 8.
Qe2 Bf5 9.Rd1 Qc8 10.Rd4 Nc5 11.Nc3 Be7 12.Nh4 Bg6 13.Nxg6 hxg6 14.b4 Ne6 
15.Rg4 Rh5 16.Bb2 Kf8 17.a4 Qe8 18.b5 Rd8 19.Rc4 Nd4 20.Qe4 c5 21.Nd5 Bd6 
22.Bxd4 cxd4 23.f4 Bxe5 24.Nxc7 Bxc7 25.Qxe8+ Rxe8 26.Rxc7 Re7 27.Rc8+ Re8
28.Rc7 Re7 29.Rc8+ 1/2-1/2

[Event "2nd VAM op"]
[Site "Hoogeveen NED"]
[Date "1998.10.18"]
[Round "3.13"]
[White "Olkinuora, Hannu"]
[Black "Van Engen, Herman J"]
[Result "0-1"]
[WhiteElo "2030"]
[BlackElo "2135"]
[EventDate "1998.10.16"]
[PlyCount "100"]

1.e4 c5 2.Nc3 Nc6 3.g3 g6 4.Bg2 Bg7 5.f4 d6 6.Nf3 e6 7.O-O Nge7 8.d3 O-O 
9.g4 f5 10.h3 Rb8 11.Ne2 b6 12.Ng3 Kh8 13.c3 Qd7 14.g5 e5 15.h4 exf4 16.
Bxf4 fxe4 17.Nh2 exd3 18.Qxd3 Ne5 19.Bxe5 dxe5 20.Rxf8+ Bxf8 21.Qe2 Bg7 
22.Rd1 Qe8 23.Ne4 Nf5 24.Qf2 Bb7 25.h5 Bxe4 26.Bxe4 Qe7 27.Nf3 Nd6 28.hxg6
Nxe4 29.Qh4 h6 30.Qxe4 hxg5 31.Qg4 Rd8 32.Rxd8+ Qxd8 33.Nxg5 Qe8 34.Qh4+ 
Kg8 35.Qc4+ Kf8 36.Ne6+ Ke7 37.Nc7 Qxg6+ 38.Kh2 Bh6 39.Nd5+ Kd6 40.b4 Qh5+
41.Kg2 e4 42.bxc5+ bxc5 43.Nb4 Qf3+ 44.Kg1 Be3+ 45.Kh2 cxb4 46.cxb4 Bf4+ 
47.Kg1 Qg3+ 48.Kf1 Qd3+ 49.Qxd3+ exd3 50.Ke1 Kd5 0-1

[Event "2nd VAM op"]
[Site "Hoogeveen NED"]
[Date "1998.10.18"]
[Round "3.14"]
[White "Golod, Vitali"]
[Black "Dgebuadze, Alexandre"]
[Result "1-0"]
[WhiteElo "2555"]
[BlackElo "2505"]
[EventDate "1998.10.16"]
[PlyCount "103"]

1.d4 Nf6 2.c4 e6 3.Nc3 Bb4 4.Qc2 O-O 5.a3 Bxc3+ 6.Qxc3 b6 7.Bg5 Ba6 8.f3 
d5 9.e3 Nbd7 10.Nh3 h6 11.Bh4 c5 12.dxc5 bxc5 13.cxd5 Bxf1 14.Rxf1 exd5 
15.Bxf6 Nxf6 16.Qxc5 Qb8 17.Qd4 Rc8 18.Nf4 Rc4 19.Qd2 Qe5 20.Kf2 Rb8 21.b4
g5 22.Ne2 a5 23.Kg1 axb4 24.axb4 Rcxb4 25.Nd4 Rb2 26.Qd3 g4 27.Rae1 Ra8 
28.Re2 Rxe2 29.Qxe2 Ra3 30.Re1 h5 31.Qf2 h4 32.fxg4 Nxg4 33.Qxh4 Nxe3 34.
Nf3 Qe4 35.Qg5+ Kf8 36.Qf6 Qg6 37.Qh8+ Qg8 38.Qh6+ Qg7 39.Qd6+ Kg8 40.Qd8+
Kh7 41.Ng5+ Kh6 42.Qd6+ Kxg5 43.Qxa3 d4 44.Qe7+ Kg4 45.Qe4+ Kg5 46.g3 f5 
47.Qf4+ Kg6 48.Rb1 Qa7 49.Qb8 Qa2 50.Rb6+ Kh5 51.Qh8+ Kg4 52.Qxd4+ 1-0

[Event "2nd VAM op"]
[Site "Hoogeveen NED"]
[Date "1998.10.18"]
[Round "3.15"]
[White "Jonitz, Jens"]
[Black "Ernst, Sipke"]
[Result "0-1"]
[WhiteElo "2160"]
[BlackElo "2420"]
[EventDate "1998.10.16"]
[PlyCount "50"]

1.e4 e5 2.Nf3 Nc6 3.Bb5 a6 4.Ba4 Nf6 5.O-O Nxe4 6.d4 b5 7.Bb3 d5 8.dxe5 
Be6 9.c3 Bc5 10.Nbd2 O-O 11.Bc2 Nxf2 12.Rxf2 f6 13.exf6 Bxf2+ 14.Kxf2 Qxf6
15.Nf1 Ne5 16.Be3 Rae8 17.Bd4 Bg4 18.Bxe5 Rxe5 19.Nd2 Qb6+ 20.Kf1 Rh5 21.
h3 Bxh3 22.gxh3 Rxh3 23.Kg2 Qe6 24.Qg1 Qg4+ 25.Kf2 Rfxf3+ 0-1

[Event "2nd VAM op"]
[Site "Hoogeveen NED"]
[Date "1998.10.18"]
[Round "3.17"]
[White "De Pender, Paul"]
[Black "Adamson, Robby"]
[Result "1/2-1/2"]
[WhiteElo "2175"]
[BlackElo "2310"]
[EventDate "1998.10.16"]
[PlyCount "41"]

1.e4 e6 2.d3 c5 3.Nf3 Nc6 4.g3 g6 5.Bg2 Bg7 6.c3 Nge7 7.O-O O-O 8.Re1 d6 
9.Be3 Rb8 10.Na3 b5 11.d4 cxd4 12.Nxd4 b4 13.Nac2 bxc3 14.bxc3 Na5 15.Qd3 
Bd7 16.Nb4 Rc8 17.Ne2 Qc7 18.Na6 Qc6 19.Nb4 Qc7 20.Na6 Qc6 21.Nb4 1/2-1/2

[Event "2nd VAM op"]
[Site "Hoogeveen NED"]
[Date "1998.10.18"]
[Round "3.18"]
[White "Bosch, Jeroen"]
[Black "Gausel, Einar"]
[Result "1-0"]
[WhiteElo "2480"]
[BlackElo "2540"]
[EventDate "1998.10.16"]
[PlyCount "77"]

1.e4 c6 2.d4 d5 3.e5 Bf5 4.Nf3 e6 5.Be2 Nd7 6.O-O h6 7.b3 Ne7 8.c4 g5 9.
Nc3 Ng6 10.a3 Rg8 11.cxd5 cxd5 12.Bd3 Bxd3 13.Qxd3 Rc8 14.Be3 a6 15.Ne2 
Be7 16.Nd2 Qb6 17.b4 f5 18.exf6 Nxf6 19.Rac1 Rxc1 20.Rxc1 Kf7 21.Nf3 Qd6 
22.Ng3 g4 23.Nd2 h5 24.Ne2 Qb8 25.Bg5 Rc8 26.Rf1 h4 27.f4 Qd6 28.f5 exf5 
29.Qxf5 Qe6 30.Qd3 Kg7 31.Nb3 Ne4 32.Bxe7 Qxe7 33.Nc5 Re8 34.Nf4 Nxf4 35.
Rxf4 Nf6 36.Qf5 Qe3+ 37.Kh1 Qc1+ 38.Rf1 Qh6 39.Nd7 1-0

[Event "2nd VAM op"]
[Site "Hoogeveen NED"]
[Date "1998.10.18"]
[Round "3.19"]
[White "Van der Veen, Jan"]
[Black "De Blecourt, Sandra"]
[Result "0-1"]
[WhiteElo "2105"]
[BlackElo "2040"]
[EventDate "1998.10.16"]
[PlyCount "78"]

1.e4 e6 2.d4 d5 3.Nc3 Bb4 4.e5 c5 5.Bd2 Ne7 6.dxc5 Nbc6 7.Qg4 Ng6 8.Nf3 
Bxc5 9.Bd3 O-O 10.Na4 Be7 11.Qh5 Qc7 12.O-O Bd7 13.Nc3 a6 14.a3 Be8 15.
Rae1 b5 16.Bg5 b4 17.Bxe7 Qxe7 18.axb4 Nxb4 19.Nd4 Nxd3 20.cxd3 Qb4 21.
Nce2 Bb5 22.Rd1 Rab8 23.f4 Qxb2 24.Qg4 Bd7 25.h4 f5 26.Qg5 Qb4 27.h5 Ne7 
28.Rf3 h6 29.Qg3 Be8 30.Nxe6 Rf7 31.N2d4 Rb6 32.Qf2 Nc6 33.Nxc6 Rxc6 34.
Nd8 Qb3 35.Re1 Rc2 36.Qh4 Qb6+ 37.d4 Qxd4+ 38.Kh2 Qd2 39.e6 Qxg2# 0-1

[Event "2nd VAM op"]
[Site "Hoogeveen NED"]
[Date "1998.10.19"]
[Round "4.1"]
[White "Dgebuadze, Alexandre"]
[Black "Visser, Yge"]
[Result "1-0"]
[WhiteElo "2505"]
[BlackElo "2370"]
[EventDate "1998.10.16"]
[PlyCount "81"]

1.Nf3 Nf6 2.d4 g6 3.c3 Bg7 4.Bf4 O-O 5.h3 d6 6.e3 c5 7.Be2 Be6 8.O-O Qb6 
9.Qd2 Nc6 10.Ng5 cxd4 11.exd4 Bd5 12.Be3 h6 13.Nf3 Bxf3 14.Bxf3 d5 15.Na3 
Rfd8 16.Nc2 Rac8 17.Ne1 Na5 18.Nd3 Nc4 19.Qe2 Nxe3 20.Qxe3 e6 21.Rfe1 Nd7 
22.Re2 Qd6 23.Rae1 h5 24.g4 hxg4 25.hxg4 Re8 26.Bg2 b5 27.f4 a5 28.a3 b4 
29.axb4 axb4 30.Nxb4 Nb6 31.Nd3 Nc4 32.Qf2 f5 33.gxf5 gxf5 34.Bh3 Kf7 35.
Nc5 Rxc5 36.dxc5 Qc6 37.Bxf5 exf5 38.Rxe8 Bf6 39.R1e6 Qxe6 40.Rxe6 Kxe6 
41.b3 1-0

[Event "2nd VAM op"]
[Site "Hoogeveen NED"]
[Date "1998.10.19"]
[Round "4.2"]
[White "Van Engen, Herman J"]
[Black "Erwich, Frans"]
[Result "0-1"]
[WhiteElo "2135"]
[BlackElo "2105"]
[EventDate "1998.10.16"]
[PlyCount "112"]

1.e4 e5 2.Nf3 Nc6 3.Bb5 a6 4.Ba4 Nf6 5.O-O Be7 6.Re1 b5 7.Bb3 O-O 8.a4 Bb7
9.d3 d6 10.c3 Na5 11.Ba2 c5 12.Nbd2 Qc7 13.Nf1 c4 14.Bg5 Ne8 15.Bxe7 Qxe7 
16.Ne3 Rc8 17.dxc4 Nxc4 18.Bxc4 bxc4 19.Nd2 Qe6 20.Qe2 d5 21.exd5 Bxd5 22.
Nxd5 Qxd5 23.Nf1 f6 24.Red1 Qe6 25.Rd2 Nd6 26.Rad1 Nb7 27.Ne3 Nc5 28.Rd6 
Qf7 29.a5 Nd3 30.Nf5 Kh8 31.Rxa6 Rcd8 32.Rd6 Qc7 33.Rxd8 Rxd8 34.Qg4 g6 
35.Ne3 Nxb2 36.Rxd8+ Qxd8 37.Nxc4 Nxc4 38.Qxc4 Qxa5 39.h4 Qa1+ 40.Kh2 Qa7 
41.Qb4 Kg7 42.Qb2 e4 43.Qd2 Qc7+ 44.g3 Qc4 45.Kg1 h5 46.Qd4 Qxd4 47.cxd4 
Kf7 48.Kf1 Ke6 49.Ke2 Kd5 50.Ke3 g5 51.f3 exf3 52.Kxf3 Kxd4 53.hxg5 fxg5 
54.Ke2 Ke4 55.Kf2 Kd3 56.Kf3 g4+ 0-1

[Event "2nd VAM op"]
[Site "Hoogeveen NED"]
[Date "1998.10.19"]
[Round "4.3"]
[White "Hofman, Ron"]
[Black "Rantanen, Yrjo"]
[Result "1/2-1/2"]
[WhiteElo "2195"]
[BlackElo "2360"]
[EventDate "1998.10.16"]
[PlyCount "120"]

1.d4 Nf6 2.c4 e6 3.a3 d5 4.e3 Nbd7 5.Nc3 c6 6.Qc2 Bd6 7.b4 e5 8.cxd5 cxd5 
9.Nb5 Bb8 10.Bb2 e4 11.Rc1 O-O 12.Nc7 Bxc7 13.Qxc7 Nb6 14.Qxd8 Rxd8 15.Ne2
Nc4 16.Rc2 Bd7 17.Nc3 Rdc8 18.Nxd5 Nxb2 19.Ne7+ Kf8 20.Nxc8 Nd3+ 21.Bxd3 
exd3 22.Rc1 Ne4 23.Rc7 Rxc8 24.Rxc8+ Bxc8 25.f3 d2+ 26.Ke2 d1=Q+ 27.Rxd1 
Nc3+ 28.Kd2 Nxd1 29.Kxd1 Bd7 30.Kd2 Ke7 31.e4 Kd6 32.Ke3 f5 33.Kf4 fxe4 
34.fxe4 Ba4 35.h4 b5 36.g3 Bc2 37.Kf5 g6+ 38.Kf4 h6 39.Ke3 Bb1 40.Kf4 Ke6 
41.Ke3 Kf6 42.Kf4 Bc2 43.Ke3 Bd1 44.Kf4 Bb3 45.Ke3 Bc2 46.Kf4 Bd1 47.Ke3 
Bg4 48.Kf4 Bc8 49.Ke3 Bb7 50.Kf4 a6 51.Ke3 g5 52.hxg5+ Kxg5 53.d5 h5 54.
Kd4 Kf6 55.e5+ Kf5 56.e6 Kf6 57.Ke4 Bc8 58.Kf4 Bb7 59.Ke4 Bc8 60.Kf4 Bb7 
1/2-1/2

[Event "2nd VAM op"]
[Site "Hoogeveen NED"]
[Date "1998.10.19"]
[Round "4.4"]
[White "Gausel, Einar"]
[Black "De Pender, Paul"]
[Result "1-0"]
[WhiteElo "2540"]
[BlackElo "2175"]
[EventDate "1998.10.16"]
[PlyCount "125"]

1.d4 Nf6 2.c4 g6 3.Nc3 Bg7 4.e4 d6 5.Nf3 O-O 6.Be2 e5 7.O-O a5 8.Be3 Ng4 
9.Bg5 f6 10.Bh4 Nd7 11.Qc2 exd4 12.Nxd4 Nc5 13.Rad1 Ne5 14.f3 Nc6 15.Ndb5 
Ne6 16.Bf2 b6 17.a3 f5 18.exf5 gxf5 19.Nd5 Rf7 20.f4 Bh6 21.Bf3 Bb7 22.
Ndxc7 Rxc7 23.Rxd6 Qxd6 24.Nxd6 Ncd4 25.Bxb7 Nxc2 26.Bxa8 Ned4 27.g3 Kf8 
28.Rd1 Bg7 29.Kf1 Ke7 30.Bxd4 Nxd4 31.Rxd4 Bxd4 32.Nxf5+ Kd7 33.Nxd4 Rxc4 
34.Ne2 Rc2 35.b3 Kd6 36.Be4 Rb2 37.Bxh7 Rxb3 38.a4 Rb4 39.Bc2 Rc4 40.Bd1 
b5 41.axb5 a4 42.Bxa4 Rxa4 43.Kf2 Rb4 44.h4 Rxb5 45.Kf3 Rb4 46.g4 Ke6 47.
g5 Kf7 48.h5 Kg8 49.Ng3 Rb3+ 50.Kg4 Rb1 51.g6 Kg7 52.Kg5 Rg1 53.h6+ Kh8 
54.Kg4 Rg2 55.f5 Rh2 56.Nh5 Rg2+ 57.Kf4 Rf2+ 58.Kg5 Rg2+ 59.Kf6 Rb2 60.Nf4
Rb6+ 61.Ne6 Rb7 62.Nd8 Rb6+ 63.Kg5 1-0

[Event "2nd VAM op"]
[Site "Hoogeveen NED"]
[Date "1998.10.19"]
[Round "4.5"]
[White "Hendriks, Richard V"]
[Black "Jonitz, Jens"]
[Result "0-1"]
[WhiteElo "2080"]
[BlackElo "2160"]
[EventDate "1998.10.16"]
[PlyCount "52"]

1.e4 c5 2.Nf3 d6 3.d4 cxd4 4.Nxd4 Nf6 5.Nc3 a6 6.Bc4 e6 7.Bb3 b5 8.Bg5 
Nbd7 9.O-O Bb7 10.Re1 h6 11.Bh4 g5 12.Bg3 Ne5 13.Nf3 Qc7 14.Nxe5 dxe5 15.
Qf3 Be7 16.Rad1 O-O 17.a3 Nd7 18.Qh5 Kg7 19.Rxd7 Qxd7 20.Bxe5+ f6 21.Bg3 
Rad8 22.h4 Bc8 23.Nd1 Qd2 24.Rf1 Rd4 25.f3 Bc5 26.Kh1 Qe2 0-1

[Event "2nd VAM op"]
[Site "Hoogeveen NED"]
[Date "1998.10.19"]
[Round "4.6"]
[White "Sherzer, Alex"]
[Black "Jonkman, Harmen"]
[Result "1-0"]
[WhiteElo "2470"]
[BlackElo "2310"]
[EventDate "1998.10.16"]
[PlyCount "109"]

1.e4 e5 2.Nf3 Nc6 3.Bb5 Nf6 4.O-O Nxe4 5.d4 Nd6 6.Bxc6 dxc6 7.dxe5 Nf5 8.
Qxd8+ Kxd8 9.Nc3 Ke8 10.h3 a5 11.a3 h6 12.Re1 Bd7 13.Bf4 Be6 14.Rad1 Ne7 
15.Nd4 Nd5 16.Nxe6 fxe6 17.Bd2 Bc5 18.Ne4 Be7 19.f4 Rf8 20.g3 a4 21.Kg2 c5
22.c4 Nb6 23.Rc1 Kd7 24.Kf3 Kc6 25.Ke2 Rf7 26.Be3 Rg8 27.Rf1 Nd7 28.g4 g6 
29.Nf2 Rh7 30.Nd3 h5 31.f5 gxf5 32.gxf5 exf5 33.Rxf5 Rg2+ 34.Bf2 Rh2 35.
Rg1 Nf8 36.Nf4 Bh4 37.Ng2 Rg7 38.Rxf8 Rhxg2 39.Rxg2 Rxg2 40.Kf1 Rxf2+ 41.
Rxf2 Bxf2 42.Kxf2 Kd7 43.Kf3 Ke6 44.Ke4 h4 45.Kf4 c6 46.Ke4 b5 47.Kf4 b4 
48.Ke4 Ke7 49.Kf5 Kf7 50.e6+ Ke7 51.Ke5 b3 52.Kf5 Ke8 53.Ke4 Kf8 54.Kf4 
Ke8 55.Kf5 1-0

[Event "2nd VAM op"]
[Site "Hoogeveen NED"]
[Date "1998.10.19"]
[Round "4.7"]
[White "Van der Weide, Karel"]
[Black "Garcia, Gildardo"]
[Result "1-0"]
[WhiteElo "2490"]
[BlackElo "2510"]
[EventDate "1998.10.16"]
[PlyCount "105"]

1.e4 e5 2.Nf3 Nc6 3.Bb5 a6 4.Bxc6 dxc6 5.O-O Bg4 6.h3 h5 7.d3 Qf6 8.Nbd2 
Ne7 9.Re1 Ng6 10.d4 Bd6 11.hxg4 hxg4 12.Nh2 Rxh2 13.Qxg4 Rh4 14.Qf5 Ne7 
15.Qxf6 gxf6 16.Nf3 Rg4 17.dxe5 fxe5 18.Bg5 Kd7 19.Bxe7 Kxe7 20.g3 Rh8 21.
Kg2 Ke6 22.Rh1 Rhg8 23.Rae1 Be7 24.Rh5 Bf6 25.Nh2 R4g5 26.Rxg5 Bxg5 27.Rd1
Be7 28.Kf3 c5 29.c4 b5 30.Ng4 c6 31.Ne3 a5 32.b3 Rb8 33.Ke2 a4 34.f4 exf4 
35.gxf4 Rh8 36.Rf1 Bd6 37.e5 Be7 38.bxa4 bxa4 39.Kf3 f6 40.exf6 Bxf6 41.
f5+ Kf7 42.Rb1 Rh3+ 43.Kf4 Be5+ 44.Ke4 Bd4 45.Ng4 Ra3 46.Rb7+ Kf8 47.f6 
Rxa2 48.Kf5 Ke8 49.Rb8+ Kd7 50.f7 Bg7 51.Kg6 Rg2 52.Kxg7 Rxg4+ 53.Kh6 1-0

[Event "2nd VAM op"]
[Site "Hoogeveen NED"]
[Date "1998.10.19"]
[Round "4.8"]
[White "De Blecourt, Sandra"]
[Black "Remmel, Tim"]
[Result "1/2-1/2"]
[WhiteElo "2040"]
[BlackElo "2235"]
[EventDate "1998.10.16"]
[PlyCount "126"]

1.d4 Nf6 2.c4 g6 3.Nc3 Bg7 4.e4 d6 5.Bd3 O-O 6.Nge2 Nc6 7.O-O Nd7 8.Be3 e5
9.d5 Nd4 10.Bxd4 exd4 11.Nb5 Ne5 12.Nbxd4 c5 13.dxc6 bxc6 14.Rc1 Rb8 15.b3
Qa5 16.Kh1 Bd7 17.Bb1 Ng4 18.h3 Nf6 19.Nc3 Rfe8 20.Nde2 Qc5 21.Qd3 Rbd8 
22.Rcd1 Bc8 23.f4 Qa5 24.Qf3 Bb7 25.Rfe1 Nh5 26.Rf1 Re7 27.f5 Nf6 28.Qg3 
Qc5 29.Na4 Qb4 30.c5 d5 31.e5 Nh5 32.Qf3 Bxe5 33.fxg6 hxg6 34.Bc2 Ba6 35.
a3 Qh4 36.Bd3 Bc8 37.g4 Nf6 38.Kg2 Nh7 39.Rh1 Ng5 40.Qf2 Qxf2+ 41.Kxf2 Kg7
42.Nac3 Rh8 43.Kg2 Rh4 44.b4 Re8 45.b5 Bb7 46.bxc6 Bxc6 47.Bb5 Bxb5 48.
Nxb5 a6 49.Nbc3 d4 50.Nxd4 Nxh3 51.Nce2 Nf4+ 52.Kf3 Rxh1 53.Rxh1 Nd3 54.c6
Bc7 55.g5 Ne5+ 56.Kf2 Bb6 57.Rb1 Ba7 58.Kf1 Rd8 59.Ne6+ fxe6 60.Rb7+ Kg8 
61.Rxa7 Nxc6 62.Rxa6 Rc8 63.Nf4 Rf8 1/2-1/2

[Event "2nd VAM op"]
[Site "Hoogeveen NED"]
[Date "1998.10.19"]
[Round "4.9"]
[White "Gofshtein, Leonid D"]
[Black "Bosch, Jeroen"]
[Result "1/2-1/2"]
[WhiteElo "2500"]
[BlackElo "2480"]
[EventDate "1998.10.16"]
[PlyCount "69"]

1.d4 f5 2.Nf3 Nf6 3.g3 g6 4.Bg2 Bg7 5.O-O O-O 6.b4 d6 7.Bb2 Nc6 8.b5 Na5 
9.Nbd2 a6 10.bxa6 Rxa6 11.c4 e6 12.Qc2 Bd7 13.Rac1 Qe8 14.Rfe1 Bc6 15.d5 
exd5 16.cxd5 Bxd5 17.Qxc7 Rf7 18.Qc2 Re7 19.Nd4 Bxg2 20.Kxg2 Qf7 21.a4 Ne4
22.N2f3 Nc6 23.Ba1 Bxd4 24.Bxd4 Nxd4 25.Nxd4 Nc5 26.Nb5 Qb3 27.Qxb3+ Nxb3 
28.Rc8+ Kg7 29.Rb1 Nd2 30.Rb4 Ne4 31.e3 Rc6 32.Rc4 Rxc8 33.Rxc8 Kf6 34.a5 
Re5 35.Nc3 1/2-1/2

[Event "2nd VAM op"]
[Site "Hoogeveen NED"]
[Date "1998.10.19"]
[Round "4.10"]
[White "Pel, Bonno"]
[Black "Van Beek, Lucien"]
[Result "1-0"]
[WhiteElo "2175"]
[BlackElo "2315"]
[EventDate "1998.10.16"]
[PlyCount "61"]

1.Nc3 d5 2.e4 dxe4 3.Nxe4 Nd7 4.Bc4 Ngf6 5.Bxf7+ Kxf7 6.Ng5+ Kg8 7.Ne6 Qe8
8.Nxc7 Qd8 9.Nxa8 Nc5 10.d4 Na6 11.Qf3 e6 12.Bg5 Be7 13.Nh3 Qd7 14.O-O b5 
15.Bxf6 Bxf6 16.a4 b4 17.Rfe1 Bb7 18.Qe2 Kf7 19.Qh5+ g6 20.Qb5 Qc8 21.Nf4 
Re8 22.d5 e5 23.d6 Rd8 24.Nd5 Bc6 25.Qc4 Bxa8 26.Nc7+ Kg7 27.Qxa6 Bb7 28.
Qb5 Bxg2 29.Ne8+ Kf7 30.Nxf6 Qh3 31.Qxe5 1-0

[Event "2nd VAM op"]
[Site "Hoogeveen NED"]
[Date "1998.10.19"]
[Round "4.12"]
[White "Tindall, Brett"]
[Black "Solomon, Stephen"]
[Result "0-1"]
[WhiteElo "2275"]
[BlackElo "2435"]
[EventDate "1998.10.16"]
[PlyCount "70"]

1.e4 e5 2.Nf3 Nf6 3.Nxe5 d6 4.Nf3 Nxe4 5.d4 d5 6.Bd3 Nc6 7.O-O Be7 8.Re1 
Bg4 9.c3 f5 10.Qb3 O-O 11.Nbd2 a6 12.Nxe4 Na5 13.Nf6+ Bxf6 14.Qd1 g6 15.
Bf4 Nc6 16.b4 g5 17.Bd2 Qd7 18.a4 f4 19.b5 axb5 20.axb5 Rxa1 21.Qxa1 Bxf3 
22.gxf3 Ne7 23.Qb1 Qh3 24.Bc1 Rf7 25.Ba3 Rg7 26.Bxe7 g4 27.Kh1 gxf3 28.
Bxh7+ Kf7 29.Rg1 Rg2 30.Bg6+ Kxe7 31.Qb4+ Kd7 32.Bf5+ Qxf5 33.Rxg2 fxg2+ 
34.Kxg2 f3+ 35.Kf1 Qd3+ 0-1

[Event "2nd VAM op"]
[Site "Hoogeveen NED"]
[Date "1998.10.19"]
[Round "4.13"]
[White "Van der Veen, Jan"]
[Black "Azadmanesh, Moosa"]
[Result "1-0"]
[WhiteElo "2105"]
[BlackElo "2150"]
[EventDate "1998.10.16"]
[PlyCount "89"]

1.e4 c5 2.Nc3 d6 3.f4 Nc6 4.Nf3 g6 5.Bc4 Bg7 6.d3 e6 7.O-O Nge7 8.Qe1 O-O 
9.f5 exf5 10.Qh4 h5 11.g4 fxg4 12.Ng5 Ne5 13.Nxf7 Rxf7 14.Rxf7 Nxc4 15.
Rxg7+ Kxg7 16.dxc4 Nc6 17.Bg5 Qe8 18.Rf1 Ne5 19.Bf6+ Kh7 20.Bxe5 Qxe5 21.
Qd8 Qg7 22.Qe8 Kh6 23.Rf7 Qd4+ 24.Kg2 Bf5 25.Qe7 Qd2+ 26.Kf1 Qc1+ 27.Ke2 
Qxc2+ 28.Ke3 Qc1+ 29.Kd3 Qf1+ 30.Kc2 Bxe4+ 31.Kb3 Qxf7 32.Qxf7 Bf3 33.Nd5 
b5 34.Ne7 bxc4+ 35.Kc3 Kg5 36.Qxg6+ Kf4 37.Qxd6+ Ke3 38.Qe5+ Kf2 39.Qg3+ 
Kf1 40.Nf5 Rd8 41.Ne3+ Ke2 42.Nxc4 Rd3+ 43.Kc2 Be4 44.Qe5 Rd4+ 45.Kb3 1-0

[Event "2nd VAM op"]
[Site "Hoogeveen NED"]
[Date "1998.10.19"]
[Round "4.14"]
[White "Hartoch, Robert G"]
[Black "De Jong, Migchiel"]
[Result "1/2-1/2"]
[WhiteElo "2315"]
[BlackElo "2280"]
[EventDate "1998.10.16"]
[PlyCount "49"]

1.Nf3 Nf6 2.g3 b6 3.Bg2 Bb7 4.O-O e6 5.b3 Be7 6.Bb2 O-O 7.c4 d5 8.e3 Nbd7 
9.Nc3 c5 10.Qe2 Qc7 11.Rac1 dxc4 12.bxc4 Rac8 13.Rfd1 Rfd8 14.d3 a6 15.Rb1
Nb8 16.Ba1 Ba8 17.Qb2 Nbd7 18.a4 Rb8 19.Qe2 Rbc8 20.h3 Bf8 21.Ne1 Bxg2 22.
Kxg2 g6 23.f4 Bg7 24.Qf3 Ne8 25.Ne4 1/2-1/2

[Event "2nd VAM op"]
[Site "Hoogeveen NED"]
[Date "1998.10.19"]
[Round "4.15"]
[White "Wunnink, Michael"]
[Black "Klenburg, Mikhail"]
[Result "0-1"]
[WhiteElo "2105"]
[BlackElo "2330"]
[EventDate "1998.10.16"]
[PlyCount "64"]

1.e4 d6 2.d4 Nf6 3.Nc3 g6 4.Nf3 Bg7 5.Be3 a6 6.Qd2 b5 7.Bh6 O-O 8.O-O-O b4
9.Nd5 Nxe4 10.Qe3 Bxh6 11.Qxh6 e6 12.Nxb4 f5 13.Qe3 a5 14.Nd3 Nd7 15.Nd2 
Ndf6 16.Qe1 Qe8 17.Kb1 Rb8 18.Ka1 Qa4 19.Nb3 Nd5 20.Qxa5 Qxa5 21.Nxa5 Ra8 
22.c4 Nf4 23.Nxf4 Nxf2 24.Rd2 Nxh1 25.Nc6 Bd7 26.d5 Bxc6 27.dxc6 g5 28.Nh3
h6 29.g3 f4 30.gxf4 g4 31.Rg2 Kf7 32.Ng1 Ke7 0-1

[Event "2nd VAM op"]
[Site "Hoogeveen NED"]
[Date "1998.10.19"]
[Round "4.20"]
[White "Reinderman, Dimitri"]
[Black "Ernst, Sipke"]
[Result "1-0"]
[WhiteElo "2540"]
[BlackElo "2420"]
[EventDate "1998.10.16"]
[PlyCount "53"]

1.c4 e5 2.Nc3 Nc6 3.Nf3 Nf6 4.e4 Bc5 5.Nxe5 Nxe5 6.d4 Bb4 7.dxe5 Nxe4 8.
Qd4 Nxc3 9.bxc3 Be7 10.Qg4 g6 11.Bh6 d6 12.Qe4 dxe5 13.Rd1 Bd7 14.Be2 Qc8 
15.c5 f6 16.Rxd7 Qxd7 17.Qxb7 Rc8 18.Ba6 Bxc5 19.Qxc8+ Qxc8 20.Bxc8 Kf7 
21.Bg4 Rb8 22.Bc1 Rb1 23.O-O Ke7 24.Be3 Rxf1+ 25.Kxf1 Bxe3 26.fxe3 c5 27.
Be2 1-0